Sports Quiz

Random Sports or Auto Racing Quiz

Daytona 500 Winners Quiz Stats

 Plays Quiz Updated Feb 17, 2021

Support Sporcle.
Go Orange.
Score 0/63 Timer 08:00
2 Plays Today
Year Driver % Correct
1998Dale Earnhardt
93.4%
2004Dale Earnhardt, Jr.
93.3%
2014Dale Earnhardt, Jr.
92.7%
1997Jeff Gordon
90.2%
1999Jeff Gordon
90.2%
2005Jeff Gordon
90.2%
2013Jimmie Johnson
89.6%
2006Jimmie Johnson
89.3%
1964Richard Petty
88.5%
1966Richard Petty
88.5%
1971Richard Petty
88.5%
1973Richard Petty
88.5%
1974Richard Petty
88.5%
1979Richard Petty
88.5%
1981Richard Petty
88.5%
1959Lee Petty
86.4%
1960Robert G. 'Junior' Johnson
85.8%
2020Denny Hamlin
81.6%
2017Kurt Busch
80.9%
2019Denny Hamlin
78.9%
2021Michael McDowell
73.1%
2001Michael Waltrip
72.3%
2003Michael Waltrip
72.3%
1989Darrell Waltrip
71.8%
2016Denny Hamlin
69%
2012Matt Kenseth
67%
2015Joey Logano
65.4%
2018Austin Dillon
62.8%
2007Kevin Harvick
62.6%
1993Dale Jarrett
60%
1996Dale Jarrett
60%
2000Dale Jarrett
60%
Year Driver % Correct
2009Matt Kenseth
59.9%
1978Bobby Allison
58.9%
1982Bobby Allison
58.9%
1988Bobby Allison
58.9%
1992Davey Allison
58.3%
1968Cale Yarborough
55.8%
1977Cale Yarborough
55.8%
1983Cale Yarborough
55.8%
1984Cale Yarborough
55.8%
2008Ryan Newman
52.6%
1985Bill Elliott
46.7%
1987Bill Elliott
46.7%
1994Sterling Marlin
46%
1995Sterling Marlin
46%
2002Ward Burton
44.4%
1976David Pearson
42.7%
2010Jamie McMurray
37.4%
1967Mario Andretti
37.2%
1990Derrike Cope
36.8%
1962Edward G. 'Fireball' Roberts
35.1%
2011Trevor Bayne
34.9%
1972A.J. Foyt
32.9%
1975Benny Parsons
32.4%
1980Buddy Baker
32%
1986Geoff Bodine
28.2%
1991Ernie Irvan
26.9%
1969LeeRoy Yarbrough
24.2%
1963DeWayne L. 'Tiny' Lund
19.8%
1970Pete Hamilton
18.9%
1965Fred Lorenzen
15.3%
1961Marvin Panch
14.8%

From the Vault

Celebration by Peanuts Special

by MRL

Holiday 4m
Good grief, this quiz will take you down memory lane.
Remove Ads.
Support Sporcle.
Get the best of Sporcle when you Go Orange. This ad-free experience offers more features, more stats, and more fun while also helping to support Sporcle. Thank you for becoming a member.

Show Comments

Extras

Top Quizzes Today


Score Distribution

Your Account Isn't Verified!

In order to create a playlist on Sporcle, you need to verify the email address you used during registration. Go to your Sporcle Settings to finish the process.

Report this User

Report this user for behavior that violates our Community Guidelines.

Details: